Central Library OPAC University of Rajshahi

History of Friedrich II. of Prussia, called Frederick the Great / (Record no. 71812)

MARC details
000 -LEADER
fixed length control field 00926nam a2200265 a 4500
001 - CONTROL NUMBER
control field 71812
003 - CONTROL NUMBER IDENTIFIER
rucl marc code BD-RjUL
005 - DATE AND TIME OF LATEST TRANSACTION
control field 20211209082150.0
008 - FIXED-LENGTH DATA ELEMENTS--GENERAL INFORMATION
fixed length control field 170508s1969 nyu b 001 0beng d
035 ## - SYSTEM CONTROL NUMBER
System control number BD-RjUL)72028
040 ## - CATALOGING SOURCE
Original cataloging agency DLC
Transcribing agency DLC
Modifying agency UKM
-- EQO
-- BD-RjUL
Language of cataloging eng
041 ## - LANGUAGE CODE
Language code of text/sound track or separate title eng
082 ## - DEWEY DECIMAL CLASSIFICATION NUMBER
Classification number 943.0530924
Author mark and year CAH 1969
Edition number 23
100 1# - MAIN ENTRY--PERSONAL NAME
Personal name Carlyle, Thomas,
Dates associated with a name 1795-1881.
9 (RLIN) 63390
245 10 - TITLE STATEMENT
Title History of Friedrich II. of Prussia, called Frederick the Great /
Statement of responsibility, etc. Thomas, Carlyle
260 ## - PUBLICATION, DISTRIBUTION, ETC. (IMPRINT)
Place of publication, distribution, etc. New York :
Name of publisher, distributor, etc. chicago press,
Date of publication, distribution, etc. c1969
300 ## - PHYSICAL DESCRIPTION
Pagination xl, 479 p. ;
Size 21 cm.
490 1# - SERIES STATEMENT
Series statement Classic European historians
500 ## - GENERAL NOTE
General note Selections from the original work
504 ## - BIBLIOGRAPHY, ETC. NOTE
Bibliography, etc Includes bibliographical references and Index
600 00 - SUBJECT ADDED ENTRY--PERSONAL NAME
Personal name Frederick
Titles and other words associated with a name King of Prussia,
Dates associated with a name 1712-1786.
651 #0 - SUBJECT ADDED ENTRY--GEOGRAPHIC NAME
Geographic name Prussia (Germany)
General subdivision History
Chronological subdivision Frederick II, 1740-1786
9 (RLIN) 67123
830 #0 - SERIES ADDED ENTRY--UNIFORM TITLE
Uniform title Classic European historians
942 ## - ADDED ENTRY ELEMENTS (KOHA)
Source of classification or shelving scheme Dewey Decimal Classification
Koha item type Books
Holdings
Lost status Source of classification or shelving scheme Damaged status Not for loan Collection code Permanent Location Current Location Shelving location Date acquired Source of acquisition Total Checkouts Full call number Date last seen Copy number Koha item type
  Dewey Decimal Classification   Not For Loan Non-fiction Central Library, University of Rajshahi Central Library, University of Rajshahi Reading Room 27/07/1987 Asia Foundation   943.0530924 CAH 1969 08/05/2017 C-1 Books